| 000 | 01853cab a2200301 4500 | ||
|---|---|---|---|
| 001 | ABS67472 | ||
| 008 | 040121n2003 000 0 eng u | ||
| 035 | _a(Sirsi) u124881 | ||
| 100 | _aDavenport, D. | ||
| 245 | 4 | _aThe impact of construction and demolition waste legislation on the UK construction industry | |
| 260 | _c2003 | ||
| 490 |
_aConstruction Law Journal _v19(8) 2003, 425-449(25) |
||
| 520 | _aAssesses the impact of construction and demolition waste legislation on the UK construction industry. Discusses in some depth the background to and the recommendations of the European Commission's "Management of construction and demolition waste working document no 1" for dealing with construction and demolition waste within the European Community. Reviews relevant legislation and case law within the UK together with an evaluation of their significance for the UK construction industry. Main issues raised include potential burdens on construction industry businesses, offences in connection with waste, duty of care and environmental liability for remediation of contaminated sites, definition of waste as interpreted by the courts, the effect on landfill regulation and taxes on development and operators and the recycling of inert waste and aggregates. Consider the interaction between planning and waste management highlighting key UK and European Community legislation. Bibliography. | ||
| 590 | _aABS | ||
| 650 | _aCONSTRUCTION INDUSTRY | ||
| 650 | _aDEMOLITION | ||
| 650 | _aWASTE MATERIALS | ||
| 650 |
_aEnvironment _96238 |
||
| 650 | _aHAZARDOUS WASTE | ||
| 650 | _aEC LEGISLATION | ||
| 650 | _aLANDFILL | ||
| 650 | _aDUTY OF CARE | ||
| 650 | _aLIABILITY | ||
| 650 | _aFLY TIPPING | ||
| 650 | _aENVIRONMENTAL PROTECTION ACT 1995 | ||
| 690 | _aENVIRONMENTAL AND LAND CONSULTANCY-WASTE MANAGEMENT | ||
| 942 | _n0 | ||
| 999 |
_c74064 _d74064 |
||